000 00665nam a2200229 i 4500
001 bg
100 1 _aPARRY, R. H. G.
245 1 0 _aMohr circles, stress paths and geotechnics /
_cR.
_nH. G. Parry.
260 _aLondon [et al.] :
_bE & FN Spon,
_c1995.
300 _aXV, 230 s. :
_brys., wykr. ;
_c24 cm.
504 _aBibliogr. s.223-226. - Indeks.
600 1 9 _aMohr Christian Otto
650 9 _aGeologia inżynierska
_xteoria
650 9 _aNaprężenia i odkształcenia
_xteoria
020 _a0419192905
040 _cBPK
041 0 _aen
080 _a624.131.5
920 _a0-419-19290-5
942 _cKS
008 s pl f |000 0 pol
999 _c31030
_d31030
856 _uhttp://koha.tu.koszalin.pl/cgi-bin/koha/opac-detail.pl?biblionumber=31030
_yKatalog online BPK